| 000 | 00444cam a22001457a 4500 | ||
|---|---|---|---|
| 008 | 180718b1997 xxu||||| |||| 00| 0 eng d | ||
| 020 | _a8170334239 | ||
| 082 | _aC41x54 B469 | ||
| 100 | _aBhatia, Sita | ||
| 245 |
_aFreedom of press : politico-legal aspects of press legislations in India _cby Sita Bhatia |
||
| 260 |
_aJaipur _bRawat _c1997 |
||
| 300 | _a398p. | ||
| 650 | _aPress and politics --India | ||
| 650 | _aFreedom of the press --India | ||
| 999 |
_c382494 _d382494 |
||